000 00429nam a2200181Ia 4500
005 20250423100153.0
008 250422s9999 xx 000 0 und d
020 _a9788123918471
050 _aQP 34.5 .M37/
100 _aMarya, R. K.
245 0 _aMedical physiology
250 _a3rd ed.
260 _aNew Delhi
260 _bCBS Publishers & Distributors Pvt. Ltd.
260 _c2012
300 _a684 p
942 _cBK
999 _c32491
_d32491